Handbook of dredging engineering / (Record no. 1609)

000 -LEADER
fixed length control field 00361 a2200121 4500
020 ## - INTERNATIONAL STANDARD BOOK NUMBER
International Standard Book Number 0071343067 (alk. paper)
082 ## - DEWEY DECIMAL CLASSIFICATION NUMBER
Classification number 627.73 HER
100 ## - MAIN ENTRY--PERSONAL NAME
Personal name Herbich,J.B.
245 ## - TITLE STATEMENT
Title Handbook of dredging engineering /
Statement of responsibility, etc. [edited by] John B. Herbich.
250 ## - EDITION STATEMENT
Edition statement 2nd ed.
260 ## - PUBLICATION, DISTRIBUTION, ETC.
Place of publication, distribution, etc. New York :
Name of publisher, distributor, etc. McGraw-Hill,
Date of publication, distribution, etc. c2000.
300 ## - PHYSICAL DESCRIPTION
Extent (various pagings) :
Other physical details ill., maps ;
Dimensions 24 cm.
650 ## - SUBJECT ADDED ENTRY--TOPICAL TERM
Topical term or geographic name entry element Dredging.
Holdings
Withdrawn status Lost status Damaged status Not for loan Permanent Location Current Location Shelving location Date acquired Total Checkouts Full call number Barcode Date last seen Price effective from Koha item type
        School of Civil and Environmental Engineering (SCEE) School of Civil and Environmental Engineering (SCEE)       627.73 HER NIT-2308 01/05/2017 01/05/2017 Book
        School of Civil and Environmental Engineering (SCEE) School of Civil and Environmental Engineering (SCEE)         NIT-5442 01/05/2017 01/05/2017 Book
© 2023 Central Library, National University of Sciences and Technology. All Rights Reserved.